000 00248nam a22000857a 4500
008 161201b xxu||||| |||| 00| 0 eng d
100 _91664
_aGhai,T.C
245 _aOpen Window A Course In English : Litrature Reader-3
260 _aNew Delhi
_bPencraft
_c2006
999 _c4376
_d4376